របាយការណ៍បូកសរុបការងារកសិកម្ម រុក្ខាប្រមាញ់ និងនេសាទ ប្រចាំឆ្នាំ២០២១ និងទិសដៅការងារសម្រាប់ឆ្នាំ២០២២ (Record no. 25402)
[ view plain ]
| 000 -LEADER | |
|---|---|
| fixed length control field | 00649nam a22001217a 4500 |
| 040 ## - CATALOGING SOURCE | |
| Transcribing agency | RUA |
| 082 ## - DEWEY DECIMAL CLASSIFICATION NUMBER | |
| Classification number | RUA ក្រសួង 2022 A126 Or. |
| 100 ## - MAIN ENTRY--AUTHOR NAME | |
| Personal name | ក្រសួងកសិកម្មរុក្ខាប្រមាញ់ និងនេសាទ, |
| 245 ## - TITLE STATEMENT | |
| Title | របាយការណ៍បូកសរុបការងារកសិកម្ម រុក្ខាប្រមាញ់ និងនេសាទ ប្រចាំឆ្នាំ២០២១ និងទិសដៅការងារសម្រាប់ឆ្នាំ២០២២ |
| 260 ## - PUBLICATION, DISTRIBUTION, ETC. (IMPRINT) | |
| Place of publication | PHNOM PENH |
| Name of publisher | RUA |
| Year of publication | 2022 |
| 300 ## - PHYSICAL DESCRIPTION | |
| Number of Pages | 109p. |
| Other physical details | ill. |
| Dimensions | 29cm. |
| 942 ## - ADDED ENTRY ELEMENTS (KOHA) | |
| Koha item type | ឯកសារស្រាវជ្រាវ |
| 952 ## - LOCATION AND ITEM INFORMATION (KOHA) | |
| Withdrawn status [LOCAL, KOHA] | 0 |
| Permanent Location | Date acquired | Koha item type | Lost status | Shelving location | Barcode | Current Location | Full call number |
|---|---|---|---|---|---|---|---|
| Library Block A | 2025-07-18 | ឯកសារស្រាវជ្រាវ | A126 | A084480 | Library Block A | RUA ក្រសួង 2022 A126 Or. |